00423cam a22001457a 4500008004000000020001500040082001600055100002300071245005200094260004000146300001000186650002100196650002800217650003200245180718b2008 xxu||||| |||| 00| 0 eng d a019569709X aT19x54 P191 aPanagariya, Arvind aIndia: the emerging giantcby Arvind Panagariya aNew DelhibOxford Univ. Pressc2008 a514p. aIndia - Commerce aIndia - Economic Policy aIndia - Economic conditions